Geometry Dash - Most Downloaded Levels by Letter - J - Statistics

General Stats
  • This quiz has been taken 20 times
    12 since last reset
  • The average score is 5 of 20
Answer Stats
Publisher Difficulty Answer Downloads % Correct
ZenthicAlpha Hard Demon Jawbreaker 19,600,000
100%
ViPriN Hard Demon Jawbreaker 2,800,000
100%
disp Medium Demon Jet Lag 5,300,000
67%
SpKale Easy Joyous Whimsy 3,900,000
67%
IIINePtunEIII Insane Jumper v2 16,200,000
67%
PlebKIngdom Hard Demon Jajagarasu 1,100,000
33%
lSkyJax Easy Journey 1,300,000
33%
ZenthicAlpha Hard Jumper RM 1,100,000
33%
Megadere Insane Demon The {JanuS Miracle} 1,200,000
33%
Jerry4 Normal JadE 1,500,000
0%
Dudex Hard Jednostavnost 3,000,000
0%
Eefy Extreme Demon Jetpack Trials 1,100,000
0%
Draykonic Medium Demon JitterClick 873,600
0%
Debihan Insane Jova 1,200,000
0%
fJud Normal jud tower 1,400,000
0%
LIEB Easy Demon JUMPMAN 1,100,000
0%
Torch121 Normal Juniper 2,900,000
0%
Gusearth Medium Demon Just Kidding 1,500,000
0%
JustBasic Easy Demon Just Processing 895,600
0%
Danzmen Auto JusT RobS n TopS 2,400,000
0%
No matching quizzes found
Score Distribution
Percent of People with Each Score
Percentile by Number Answered
Your Score History
You have not taken this quiz since the last reset